00334nam a22001217a 4500082001600000100001600016100002400032100004400056245003400100260002700134300000800161700004300169 aR/5BS(CS)16 aRasool Bux  aRoll No. 16BS(CS)03 aSupervisor - Dr. Muhammad Saleem Vighio aDelicious Dishes Android App. aNawabshahbQUESTc2019 a56p aNabeel Muhammadi (Roll No. 16BS(CS)01)